| 000 | 005040000a22001690004500 | ||
|---|---|---|---|
| 003 | MACL | ||
| 005 | 20160303134819.0 | ||
| 008 | 160303b xxu||||| |||| 00| 0 eng d | ||
| 040 |
_aMACL _cMACL |
||
| 041 | _aHindi | ||
| 082 | _a891.431 | ||
| 100 |
_aमाखनलाल चतुर्वेदी _940365 |
||
| 245 | _aवेणु लो गॅूजे धरा | ||
| 260 |
_bभारतीय ज्ञानपीठ _aकाशी |
||
| 650 |
_aPoetry _942418 |
||
| 942 |
_cHIN _k891.431 _2ddc |
||
| 999 |
_c24835 _d24835 |
||